Několik úvah nad koncepcí činnosti českého statistického úřadu.

Uplatnenie kompetencií v organizácii štatistiky v ČSFR. Celá organizácia štatistického zisťovania - od stanovenia foriem, technológií spracovania až po spôsob využitia dát v kompetencii národných ŠÚ. Hlavné priority - štatistické zisťovanie celého systému národného účtovníctva, cenového informačného...

Ausführliche Beschreibung

Gespeichert in:
Bibliographische Detailangaben
1. Verfasser: Souček, Eduard
Format: Buchkapitel
Sprache:Tschechisch
Schlagworte:
Tags: Tag hinzufügen
Keine Tags, Fügen Sie das erste Tag hinzu!

MARC

LEADER 00000naa a2200000 4500
001 r003258
005 20221125081343.7
041 0 |a cze 
044 |a [CS] 
245 1 0 |a Několik úvah nad koncepcí činnosti českého statistického úřadu.  |c Eduard Souček 
520 |a Uplatnenie kompetencií v organizácii štatistiky v ČSFR. Celá organizácia štatistického zisťovania - od stanovenia foriem, technológií spracovania až po spôsob využitia dát v kompetencii národných ŠÚ. Hlavné priority - štatistické zisťovanie celého systému národného účtovníctva, cenového informačného systému a zabezpečenie regionálnej štatistiky. 
610 2 0 |a štatistika 
610 2 0 |a ČSFR 
610 2 0 |a zisťovanie štatistické 
610 2 0 |a Čechy 
610 2 0 |a úrady štatistické 
100 1 |a Souček, Eduard